Diaspora-Somalia - Statistics

General Stats
  • This quiz has been taken 494 times
  • The average score is 14 of 18
Answer Stats
Number of immigrants Continent Country % Correct
135.266 North America United States of America
98%
98.000 Europe United Kingdom
96%
62.550 North America Canada
92%
66.369 Europe Sweden
88%
38.657 Europe Germany
87%
34.000 Asia Saudi Arabia
85%
43.196 Europe Norway
83%
90.900 Asia United Arab Emirates
82%
8.228 Europe Italy
81%
16.169 Oceania Australia
80%
200.000 Asia Yemen
78%
20.007 Europe Finland
72%
21.210 Europe Denmark
70%
39.465 Europe the Netherlands
70%
22.709 Africa Egypt
68%
40.000 Africa South Africa
60%
7.025 Europe Switzerland
56%
6.161 Europe Austria
53%
No matching quizzes found
Score Distribution
Percent of People with Each Score
Percentile by Number Answered
Your Score History
You have not taken this quiz